| 000 | 01217nam a2200325 a 4500 | ||
|---|---|---|---|
| 001 | ebr10455578 | ||
| 003 | CaPaEBR | ||
| 006 | m u | ||
| 007 | cr cn||||||||| | ||
| 008 | 110415s2001 enk sb 001 0 eng d | ||
| 020 | _z1902683382 (hardcover) | ||
| 020 | _z1902683390 (paperback) | ||
| 020 | _z9781902683393 | ||
| 020 | _z9781844653300 (e-book) | ||
| 040 |
_aCaPaEBR _cCaPaEBR |
||
| 035 | _a(OCoLC)715185189 | ||
| 050 | 1 | 4 |
_aBD161 _b.W45 2001eb |
| 100 | 1 | _aWelbourne, Michael. | |
| 245 | 1 | 0 |
_aKnowledge _h[electronic resource] / _cMichael Welbourne. |
| 260 |
_aChesham [England] : _bAcumen, _cc2001. |
||
| 300 | _axiii, 143 p. | ||
| 490 | 1 | _aCentral problems of philosophy | |
| 504 | _aIncludes bibliographical references and index. | ||
| 533 |
_aElectronic reproduction. _bPalo Alto, Calif. : _cebrary, _d2013. _nAvailable via World Wide Web. _nAccess may be limited to ebrary affiliated libraries. |
||
| 650 | 0 | _aKnowledge, Theory of. | |
| 655 | 7 |
_aElectronic books. _2local |
|
| 710 | 2 | _aebrary, Inc. | |
| 830 | 0 | _aCentral problems of philosophy. | |
| 856 | 4 | 0 |
_uhttp://site.ebrary.com/lib/rucke/Doc?id=10455578 _zAn electronic book accessible through the World Wide Web; click to view |
| 999 |
_c123143 _d123143 |
||